New internet marketing guidelines (Record no. 70241)

MARC details
000 -LEADER
fixed length control field 01086cam a2200217 4500
001 - CONTROL NUMBER
control field WB3818-19
008 - FIXED-LENGTH DATA ELEMENTS--GENERAL INFORMATION
fixed length control field 020513n2002 000 0 eng u
035 ## - SYSTEM CONTROL NUMBER
System control number (Sirsi) u117940
245 ## - TITLE STATEMENT
Title New internet marketing guidelines
260 ## - PUBLICATION, DISTRIBUTION, ETC.
Date of publication, distribution, etc. 2002
490 ## - SERIES STATEMENT
Series statement Estate Agent
Volume/sequential designation April/May 2002, 10(1)
520 ## - SUMMARY, ETC.
Summary, etc. Property portals and representatives of the estate agency profession have now signed up to the Best Practice Guidelines for Professional Estate Agents and Property Portal Websites launched in October 2001. This has been developed to build the confidence of homeowners and sellers to do business over the internet. RICS and Association of Residential Letting Agents have pledged support for the scheme which was set up by the National Association of Estate Agents.
590 ## - LOCAL NOTE (RLIN)
Local note WB
650 ## - SUBJECT ADDED ENTRY--TOPICAL TERM
Topical term or geographic name entry element RICS
650 ## - SUBJECT ADDED ENTRY--TOPICAL TERM
Topical term or geographic name entry element ASSOCIATION OF RESIDENTIAL LETTING AGENTS
650 ## - SUBJECT ADDED ENTRY--TOPICAL TERM
Topical term or geographic name entry element NATIONAL ASSOCIATION OF ESTATE AGENTS
650 ## - SUBJECT ADDED ENTRY--TOPICAL TERM
Topical term or geographic name entry element ESTATE AGENTS
650 ## - SUBJECT ADDED ENTRY--TOPICAL TERM
Topical term or geographic name entry element BEST PRACTICE GUIDELINES FOR PROFESSIONAL ESTATE AGENTS
690 ## - LOCAL SUBJECT ADDED ENTRY--TOPICAL TERM (OCLC, RLIN)
Topical term or geographic name as entry element INFORMATION TECHNOLOGY-INTERNET
942 ## - ADDED ENTRY ELEMENTS (KOHA)
Suppress in OPAC 0
Holdings
Withdrawn status Lost status Source of classification or shelving scheme Damaged status Not for loan Home library Current library Shelving location Date acquired Total Checkouts Full call number Barcode Date last seen Copy number Price effective from Koha item type
    Dewey Decimal Classification     London London News article 13/05/2002   WB3818-19 117940-1001 06/08/2019 1 06/08/2019 News article